| 000 | 01092cab a2200229 4500 | ||
|---|---|---|---|
| 001 | ABS68700 | ||
| 008 | 050215n2005 000 0 eng u | ||
| 035 | _a(Sirsi) u128807 | ||
| 100 | _aBuchanan, B. | ||
| 245 | 2 | _aA new leaf? | |
| 260 | _c2005 | ||
| 490 |
_aInside Housing _v22(5) 4 February 2005, 17-20(4) |
||
| 520 | _aThe Housing Corporation is likely to raise the EcoHomes rating it demands for funding new homes to at least very good as early as 2006. Looks at the financial and practical concerns of housing association developers seeking to comply with this proposed standard. Provides information on the EcoHomes standard, on the government sustainable buildings task group's work on a draft building sustainability code and discusses the difficult task of upgrading existing older housing stock to meet the new requirements. | ||
| 590 | _aABS | ||
| 650 | _aSUSTAINABLE BUILDING | ||
| 650 | _aECOHOMES | ||
| 650 | _aENVIRONMENTAL RATING SYSTEM | ||
| 650 | _aNEW HOMES | ||
| 650 | _aSOCIAL HOUSING | ||
| 690 | _aBUILT ENVIRONMENT-SUSTAINABLE CONSTRUCTION | ||
| 942 | _n0 | ||
| 999 |
_c74800 _d74800 |
||